Ngài George Washington /

Đã lưu trong:
Sonraí Bibleagrafaíochta
Príomhúdar: Ellis, Joseph J.
Údair Eile: Huỳnh Văn Thanh (dịch.), Phạm Viêm Phương (dịch.)
Formáid: Sách giấy
Teanga:Vietnamese
Foilsithe: H. : Công an Nhân dân, 2007.
Ábhair:
Clibeanna: Cuir Clib Leis
Gan Chlibeanna, Bí ar an gcéad duine leis an taifead seo a chlibeáil!
Thư viện lưu trữ: Thư viện Trường Đại học Đà Lạt
LEADER 00873nam a2200337 4500
001 DLU110119882
005 ##20110415
040 # # |a DLU  |b vie 
041 # # |a vie 
044 # # |a vn 
082 # # |a 973.410 92  |b EL-J 
100 # # |a Ellis, Joseph J. 
245 # # |a Ngài George Washington /  |c Joseph J. Ellis; Phạm Viêm Phương, Huỳnh Văn Thanh dịch. 
260 # # |a H. :  |b Công an Nhân dân,  |c 2007. 
300 # # |a 573 tr. ;  |c 20 cm. 
653 # # |a Tổng thống 
653 # # |a Tiểu sử 
653 # # |a Washington, G.,  |d 1732-1799 
700 # # |a Huỳnh Văn Thanh,  |e dịch. 
700 # # |a Phạm Viêm Phương,  |e dịch. 
923 # # |a 01/2011NN 
991 # # |a SH 
992 # # |a 72000 
994 # # |a KNN 
900 # # |a True 
911 # # |a Đào Thị Thu Huyền 
925 # # |a G 
926 # # |a A 
927 # # |a SH 
980 # # |a Thư viện Trường Đại học Đà Lạt